التأثيرات المصرية فى عمارة القصور والمقابر الايرانية خلال العصر الإخمينى

محفوظ في:

المؤلف الرئيسي: سوزان عباس

التنسيق: كتاب

اللغة: Undetermined

منشور في: Alexandria 1993

الوسوم: إضافة وسم

لا توجد وسوم, كن أول من يضع وسما على هذه التسجيلة!

رقم الطلب:

LEADER 00386nam a2200109Ia 4500
008 240503s9999||||xx |||||||||||||| ||und||
100 1 |a سوزان عباس  
245 1 0 |a التأثيرات المصرية فى عمارة القصور والمقابر الايرانية خلال العصر الإخمينى 
264 1 |a Alexandria   |c 1993 
300 |a 24  |b plates  |c 24 
942 |2 lcc  |c BK 
999 |c 58330  |d 58330